000 00438nam a2200181Ia 4500
008 240510s9999 xx 000 0 und d
041 _aEng
082 _a004.21
082 _bE82
100 _aEVESHAM D.
245 0 _aDEVELOPING REAL TIME SYSTEMS : A PRACTICAL INTRODUCTION
260 _bNEWDELHI : GALGOTIA
260 _c1990
300 _a156 p.
650 _aSYSTEM DESIGN : DATA PROCESSING
942 _2ddc
942 _cLBK
999 _c24220
_d24220
945 _a1
_bMadushi Gamage
_c1
_dMadushi Gamage